Compass Rose Rhymes Quiz Stats

Quiz Updated Dec 1, 2015

Also try: Rhymes With Home
Challenge
Share
Tweet
Embed
Score 0/42 Timer 06:00
0 Plays Today
% Correct
best
95.8%
beast
95.4%
mouth
94.5%
feast
90.9%
least
90.3%
nest
89.4%
lest
88.6%
rest
87.9%
test
86.6%
pest
86.4%
zest
81.6%
forth
80.4%
vest
80.2%
jest
79.7%
fest
78.5%
crest
76.3%
breast
76.3%
yeast
73.3%
messed
72.6%
blessed/blest
70.7%
quest
68.5%
% Correct
chest
66%
dressed
65.2%
pressed
64.6%
ceased
61%
guest
59.1%
creased
55.6%
guessed
50.5%
greased
49.1%
tressed
47.2%
fourth
42.9%
wrest
41.9%
fleeced
40%
gest/geste
39.9%
fessed
38.5%
priest
36.3%
leased
36.3%
pieced
35.3%
stressed
33.2%
jessed
12.5%
piste
5.5%
triste
2%

You're not logged in!

Compare scores with friends on all Sporcle quizzes.
Sign Up with Email
OR
Log In

You Might Also Like...

Show Comments

Extras

Top Quizzes Today


Score Distribution

Your Account Isn't Verified!

In order to create a playlist on Sporcle, you need to verify the email address you used during registration. Go to your Sporcle Settings to finish the process.